[Event "EICC 2019"]
[Site "Skopia"]
[Date "2019.03.19"]
[Round "2.36"]
[White "Bindrich, Falko"]
[Black "Lodici, Lorenzo"]
[Result "1/2-1/2"]
[WhiteElo "2610"]
[BlackElo "2474"]
[Annotator "TA"]
[PlyCount "56"]
[EventDate "2019.03.18"]
[EventType "swiss"]
[EventCountry "MKD"]
[SourceTitle "playchess.com"]
[Source "ChessBase"]
[SourceQuality "1"]

{[%evp 21,56,0,7,0,0,0,8,0,11,-3,7,0,0,-10,-12,-16,10,10,8,0,0,0,0,0,0,0,0,0,0,0,0,0,0,0,-7,-3,0]} 1. d4 Nf6 2. c4 e6 3. g3 Bb4+ 4. Bd2 Be7 5. Bg2 d5 6. Nf3 c6 7. Qc2 Nbd7 8. O-O b6 9. b3 O-O 10. Bc3 Bb7 11. Nbd2 c5 {The position is equal.} 12. Ne5 {E11: Bogo-Indian} (12. e3 Rc8 13. Qb2 Bd6 14. a4 a5 15. Rad1 Re8 16. dxc5 Nxc5 17. Bxf6 Qxf6 18. Qxf6 gxf6 19. Nd4 Ba6 20. cxd5 Bxf1 21. Kxf1 {½-½ (36) Kamsky,G (2673)-Alekseev,E (2653) Sochi 2015}) 12... cxd4 13. Bxd4 Nxe5 14. Bxe5 Qc8 15. Rad1 $146 ({Predecessor:} 15. Rac1 dxc4 16. Bxb7 Qxb7 17. Nxc4 Rac8 {½-½ (16) Petran,P (2360)-Jurcik,M (2361) Slovakia 2015}) 15... Rd8 (15... b5 {with more complications.} 16. Bxf6 Bxf6 17. Rc1 dxc4 18. bxc4 Bxg2 19. Kxg2 b4) 16. Qb1 dxc4 {[#] ...Bxg2 is the strong threat.} 17. Bxb7 (17. Bxf6 {seems wilder.} Bxf6 18. Nxc4 Qc7 19. Bxb7 Qxb7 20. Rxd8+ Rxd8 21. Rd1) 17... Qxb7 18. Nxc4 Rxd1 19. Rxd1 Rd8 20. Bxf6 Rxd1+ 21. Qxd1 {[#] Threatens to win with Bxe7.} Bxf6 22. Qd3 g6 23. a4 Qc6 24. Nd6 Be5 25. Nc4 Bf6 26. Nd2 Kg7 27. h3 Qc3 28. Qxc3 Bxc3 {Accuracy: White = 59%, Black = 67%.} 1/2-1/2

[Event "EICC 2019"]
[Site "Skopia"]
[Date "2019.03.19"]
[Round "2.37"]
[White "Svane, Rasmus"]
[Black "Firat, Burak"]
[Result "1-0"]
[WhiteElo "2610"]
[BlackElo "2468"]
[Annotator "TA"]
[PlyCount "103"]
[EventDate "2019.03.18"]
[EventType "swiss"]
[EventCountry "MKD"]
[SourceTitle "playchess.com"]
[Source "ChessBase"]
[SourceQuality "1"]

{[%evp 15,103,8,7,4,22,22,22,25,18,17,6,0,25,25,48,48,59,54,45,45,49,53,68,56,56,70,73,70,54,35,29,41,50,48,58,62,54,41,44,37,50,45,103,91,91,91,97,96,87,81,89,79,108,114,122,111,213,215,220,213,210,209,280,259,428,481,469,481,477,483,451,427,469,451,648,637,659,659,742,546,1154,682,4141,4141,4141,4141,29975,4137,29974,29975]} 1. Nf3 d5 2. d4 Nf6 3. c4 e6 4. g3 dxc4 5. Bg2 c5 6. O-O Nc6 7. Qa4 Bd7 8. Qxc4 b5 9. Qc3 {E04: Open Catalan: 5 Nf3} b4 10. Qd3 Rc8 11. dxc5 {The position is equal.} Bxc5 12. Be3 Bxe3 13. Qxe3 {[#]} Ng4 $146 ({Predecessor:} 13... O-O 14. Nbd2 e5 15. Nb3 e4 16. Nfd4 Nxd4 17. Nxd4 {½-½ (62) Wang,H (2709)-Harikrishna,P (2744) Huaian 2017}) 14. Qc5 Qa5 15. Rc1 Qxc5 16. Rxc5 Ke7 17. Nbd2 Rhd8 18. Rac1 Nb8 19. Nd4 Rxc5 20. Rxc5 Rc8 21. Rxc8 Bxc8 22. N2b3 Ne5 23. Na5 Kd6 24. f4 Ng4 25. Nc2 Kc5 26. e4 Kb5 27. Nb3 a5 28. e5 a4 (28... Ba6 $14) 29. Bf1+ Kb6 30. Nd2 Nc6 31. Bg2 Bd7 32. h3 Nh6 33. g4 f6 34. exf6 gxf6 35. Kf2 Nf7 {[#]} (35... Ng8 $16) 36. Ne4 $1 $18 f5 37. Nf6 {[%mdl 64] Double Attack} Bc8 38. Nxh7 e5 39. g5 b3 $2 {[#]} (39... Ne7 {might work better.} 40. Nxb4 Ng6) 40. axb3 axb3 41. Ne3 exf4 42. Nd5+ Kc5 43. Nxf4 Nce5 44. g6 Nh6 (44... Nxg6 $142 45. Nxg6 Nd6) 45. Nf6 Ba6 46. Kg3 Kd4 47. Kh4 Ke3 48. Kh5 Kxf4 49. Kxh6 Nxg6 50. Kxg6 Bc8 51. Bd5 (51. h4 $142 Kg3 52. h5 Kxg2 53. h6 f4 54. h7 f3 55. h8=Q f2 56. Nd5) 51... Ke5 52. h4 {Accuracy: White = 81%, Black = 45%.} 1-0

[Event "EICC 2019"]
[Site "Skopia"]
[Date "2019.03.19"]
[Round "2.38"]
[White "Schreiner, Peter"]
[Black "Deac, Bogdan-Daniel"]
[Result "1/2-1/2"]
[WhiteElo "2471"]
[BlackElo "2609"]
[Annotator "TA"]
[PlyCount "56"]
[EventDate "2019.03.18"]
[EventType "swiss"]
[EventCountry "MKD"]
[SourceTitle "playchess.com"]
[Source "ChessBase"]
[SourceQuality "1"]

{[%evp 17,56,23,14,18,14,0,0,0,0,0,0,-37,-29,-30,-34,-29,-23,-21,-35,-32,0,0,0,-1,0,0,0,0,0,0,0,0,0,0,0,0,62,67,60,74,84]} 1. d4 Nf6 2. c4 e6 3. Nf3 d5 4. g3 dxc4 5. Bg2 Bd7 6. Ne5 Bc6 7. Nxc6 Nxc6 8. O-O Qd7 {E04: Open Catalan: 5 Nf3} 9. e3 Rd8 {LiveBook: 73 Games} 10. Nd2 b5 {The position is equal.} 11. a3 $146 ({Predecessor:} 11. Nf3 Be7 12. Qe2 a6 13. Bd2 Nd5 14. b3 c3 15. Be1 b4 16. Qxa6 {0-1 (48) Saduakassova,D (2428)-Ju,W (2579) Doha 2016}) 11... e5 12. a4 a6 $1 13. axb5 axb5 14. Nf3 (14. Qf3 $5 {[%cal Rf3c6]} Nd5 15. dxe5 $11) 14... Be7 15. b3 c3 16. Qe2 $1 exd4 {And now ...d3 would win.} 17. Qxb5 O-O {Hoping for ...d3.} 18. exd4 $1 Nxd4 (18... Qd5 $5 {[%cal Rd5b5]} 19. Qa6 Nxd4 20. Nxd4 Qxd4 $15) 19. Nxd4 Qxd4 20. Ra4 Qd3 21. Qc6 Bd6 22. Rc4 Be5 23. Bf4 Bxf4 24. Rxf4 Qc2 25. Rf3 Nd5 {[#]} 26. Rxf7 $1 {[%mdl 512]} Kxf7 (26... Rxf7 $11 27. Bxd5 {[#]} Rxd5 $1 {[%mdl 512]} 28. Qa8+ Rd8 $1 {[%mdl 512]} 29. Qxd8+ Rf8 30. Qd5+ Kh8) 27. Bxd5+ $14 Rxd5 28. Qxd5+ Kg6 {Precision: White = 80%, Black = 88%.} 1/2-1/2

[Event "EICC 2019"]
[Site "Skopia"]
[Date "2019.03.19"]
[Round "2.39"]
[White "Golubka, Petro"]
[Black "Esipenko, Andrey"]
[Result "1-0"]
[WhiteElo "2468"]
[BlackElo "2603"]
[Annotator "TA"]
[PlyCount "119"]
[EventDate "2019.03.18"]
[EventType "swiss"]
[EventCountry "MKD"]
[SourceTitle "playchess.com"]
[Source "ChessBase"]
[SourceQuality "1"]

{[%evp 17,119,23,24,24,32,22,27,24,23,20,33,21,27,29,30,28,28,10,18,15,30,26,28,39,108,104,110,57,86,92,97,105,99,81,100,92,162,190,182,133,121,75,62,87,73,66,117,118,127,112,126,127,121,108,95,83,53,52,152,141,221,215,202,208,373,366,421,385,570,573,553,544,527,506,549,503,462,389,428,402,747,712,908,876,4133,2698,6235,997,29961,29956,29968,29968,29983,29984,29984,29985,29985,29986,29986,29987,29987,29988,29988,29989]} 1. e4 e5 2. Nf3 Nc6 3. Bb5 a6 4. Ba4 Nf6 5. d3 d6 6. c3 g6 7. O-O Bg7 8. Nbd2 O-O 9. Re1 b5 10. Bc2 {C77: Ruy Lopez: 3...a6 4 Ba4 Nf6, unusual lines} Bb7 11. a3 (11. Nf1 Nb8 12. d4 Nbd7 13. Ng3 Re8 14. a4 c6 15. Be3 Qc7 16. h3 exd4 17. cxd4 c5 {0-1 (65) McShane,L (2640)-Howell,D (2676) London 2017}) 11... a5 12. a4 $146 {White has an edge.} ({Predecessor:} 12. d4 Re8 13. Bd3 Ba6 14. d5 Nb8 15. b4 c5 16. dxc6 Nxc6 17. a4 Qb6 18. axb5 Bxb5 19. bxa5 Rxa5 {0-1 (63) Illijin,N (2268)-Rodman,F (2215) Bled 2004}) 12... b4 13. Bb3 Kh8 14. Nf1 Nh5 15. Ng3 Nxg3 16. hxg3 Qd7 17. Bd5 Rab8 18. Be3 f5 19. exf5 Qxf5 20. Ng5 bxc3 (20... Nd8 $14 21. c4 c5) 21. bxc3 $16 Nd8 22. Be4 (22. Rb1 $16) 22... Qd7 23. Rb1 d5 24. Bf3 h6 25. Bg4 Qd6 26. Nf3 Nc6 (26... h5 $16 27. Bh3 d4 28. cxd4 Bxf3 29. gxf3 Rxb1 30. Qxb1 Nc6) 27. Rb5 $18 {Hoping for Bc5.} Rfe8 28. Bc5 Qd8 29. Qb3 Ba6 30. Rxb8 Nxb8 31. d4 {[%cal Rd4e5]} Nc6 (31... Bc4 $14 32. Qb7 h5) 32. Nxe5 $16 Nxe5 33. dxe5 Rxe5 34. Rxe5 Bxe5 {[#]} 35. Bd4 $1 $36 {[%cal Rd4e5][%mdl 2048] White is on the roll.} Bg7 36. Qb1 Kh7 37. Qe1 c6 ({Better is} 37... h5 $14 38. Bf3 Bc4) 38. Qe6 Bxd4 (38... h5 $16) 39. cxd4 $18 Qc7 {[#]} 40. Qe8 $1 Qg7 $2 (40... Kg7 {was necessary.} 41. Bd7 Qd6) 41. Be6 Bc4 {and the idea ...h5 leaves Black hopeful.} 42. Qxc6 Qxd4 (42... Qe7 {keeps fighting.} 43. Kh2 Kg7 44. Bxd5 Bxd5 45. Qxd5 Qc7) 43. Qc7+ Qg7 44. Qxa5 h5 45. Qd8 Qe5 46. Qe7+ Qg7 47. Qe8 Qc3 48. f4 Qd4+ (48... Qf6 $142 49. Qg8+ Kh6) 49. Kh2 Qg7 50. a5 Kh6 51. Qd8 Qd4 52. Bf7 (52. Qg5+ $142 Kg7 53. Qe7+ Kh6 54. Qd6) 52... Qg7 53. Bxd5 {White mates.} Bxd5 54. Qxd5 {[%mdl 4096] Endgame KQ-KQ} Qa7 55. Qg8 Qd4 56. Qf8+ Kh7 57. Qe7+ Kg8 58. a6 {[%cal Ba5a6,Ba6a7][%mdl 32]} h4 59. a7 hxg3+ 60. Kh3 {Accuracy: White = 78%, Black = 27%.} 1-0

[Event "EICC 2019"]
[Site "Skopia"]
[Date "2019.03.19"]
[Round "2.40"]
[White "Gordievsky, Dmitry"]
[Black "Grinberg, Eyal"]
[Result "1-0"]
[WhiteElo "2603"]
[BlackElo "2467"]
[Annotator "TA"]
[PlyCount "111"]
[EventDate "2019.03.18"]
[EventType "swiss"]
[EventCountry "MKD"]
[SourceTitle "playchess.com"]
[Source "ChessBase"]
[SourceQuality "1"]

{[%evp 20,111,36,0,31,27,26,9,18,-6,43,55,45,48,50,40,42,40,37,40,46,16,24,23,37,32,54,45,44,8,8,8,8,8,8,8,8,8,8,1,1,1,1,0,27,8,8,3,17,12,18,16,17,0,60,16,62,31,74,74,81,67,79,62,163,164,353,353,353,353,353,353,353,353,353,353,353,353,1231,1231,6625,6424,6216,703,6625,6625,6079,5065,5836,5457,5435,5435,29973,29974]} 1. Nf3 d5 2. d4 Nf6 3. c4 c6 4. Nc3 e6 5. g3 Nbd7 6. Bg2 Be7 7. O-O O-O 8. Qd3 b6 9. e4 dxe4 {E07: Closed Catalan: Main Line (5 Nf3 0-0 6 0-0 Nbd7)} (9... Ba6 10. b3 dxc4 11. bxc4 e5 12. Rd1 Qc7 13. Ne2 Rad8 14. Qc2 Rfe8 15. Bb2 Bd6 16. Nh4 g6 17. Rac1 Be7 18. h3 {0-1 (37) Berczes,D (2501)-Kovalyov,A (2644) Irving 2018}) 10. Nxe4 Bb7 11. Nc3 {LiveBook: 3 Games} Qc8 {The position is equal.} 12. Re1 Rd8 13. Qe2 $146 ({Predecessor:} 13. b3 Nf8 14. Bb2 Ng6 15. Ng5 e5 16. d5 Bb4 17. Nge4 Nxe4 18. Bxe4 cxd5 19. cxd5 {1-0 (92) Tsydypov,Z (2530)-Konaplev,A (2320) St Petersburg 2018}) 13... Re8 14. Bf4 Nf8 15. Ne5 N6d7 16. Rad1 Nxe5 17. dxe5 Bb4 18. Bd2 Bxc3 19. Bxc3 c5 20. Rd2 Bxg2 21. Kxg2 Rd8 22. Red1 Rxd2 23. Rxd2 Rb8 24. Qd3 Rb7 25. Qd8 Qc6+ 26. f3 Rd7 27. Rxd7 Qxd7 28. Qxd7 Nxd7 $11 {[%mdl 4096] Endgame KB-KN} 29. g4 Kf8 30. Kg3 Ke8 31. f4 Kf8 32. Kf3 Ke8 33. Ke4 Kf8 34. h3 Ke8 35. Be1 Nb8 36. b4 Na6 ({Better is} 36... cxb4 $11 37. Bxb4 Na6) 37. a3 Kd7 38. f5 g6 39. Kf4 Ke7 40. Kg5 gxf5 41. gxf5 exf5 (41... Nb8 $1 $14) 42. Kxf5 $18 cxb4 $2 (42... Ke8 43. Kf6 Nc7) 43. axb4 b5 44. cxb5 Nc7 45. Bf2 Nxb5 46. Bc5+ Ke8 47. Kg5 a6 48. h4 Nc7 $2 (48... Na3 49. h5 Nc4) 49. Kh6 f6 50. exf6 Kf7 51. Be7 $1 Kg8 52. Kg5 $1 {[%cal Rg5f5]} Kf7 53. Kf5 Nd5 {[#]} 54. Ke4 $1 {[%cal Re4d5]} Ke6 {[#]} 55. Kd4 $1 h5 {[#]} 56. f7 $1 {[%mdl 512] Precision: White = 64%, Black = 42%.} 1-0

[Event "EICC 2019"]
[Site "Skopia"]
[Date "2019.03.19"]
[Round "2.41"]
[White "Tutisani, Noe"]
[Black "Moussard, Jules"]
[Result "1/2-1/2"]
[WhiteElo "2467"]
[BlackElo "2601"]
[Annotator "TA"]
[PlyCount "149"]
[EventDate "2019.03.18"]
[EventType "swiss"]
[EventCountry "MKD"]
[SourceTitle "playchess.com"]
[Source "ChessBase"]
[SourceQuality "1"]

{[%evp 24,149,36,35,35,25,32,25,31,22,31,35,16,24,24,0,0,0,56,38,91,100,137,139,151,99,96,106,98,101,143,36,36,35,28,35,21,21,19,0,38,36,20,24,18,22,28,28,51,33,41,35,37,18,38,41,46,42,70,18,38,15,60,60,60,45,50,52,34,33,32,0,54,13,8,14,16,8,18,30,35,8,8,8,8,8,8,9,93,99,91,84,83,97,90,102,111,109,191,191,151,104,103,67,67,67,67,15,27,27,31,40,70,67,70,70,70,70,70,69,200,8,8,0,0,0,0,0]} 1. e4 c5 2. Nf3 d6 3. d4 cxd4 4. Nxd4 Nf6 5. Nc3 a6 6. Bg5 e6 7. f4 Be7 8. Qf3 Qc7 9. O-O-O Nbd7 10. g4 b5 {[%cal Bb7b5,Bb5b4][%mdl 32]} 11. Bxf6 Nxf6 12. g5 Nd7 13. f5 O-O {B99: Sicilian Najdorf: 6 Bg5 e6 7 f4 Be7 8 Qf3 Qc7 9 0-0-0 Nbd7} 14. Rg1 ({Much worse is} 14. f6 gxf6 15. gxf6 Nxf6 $17) (14. h4 b4 15. Nce2 Bb7 16. Kb1 Rac8 17. Bh3 e5 18. f6 exd4 19. fxe7 Rfe8 20. Nxd4 Rxe7 21. Nf5 Rxe4 22. Nxd6 Rd4 23. Qxf7+ Kh8 24. Nxc8 {1-0 (24) Sutovsky,E (2683)-Huschenbeth,N (2596) Douglas 2017}) 14... b4 $1 {[%cal Rb4c3]} 15. Nce2 {Strongly threatening f6.} e5 $1 {[%cal Re5d4] White has an edge.} 16. f6 $1 {[%cal Rf6e7]} exd4 17. fxe7 Re8 18. Nxd4 Ne5 19. Qf2 g6 20. h4 $146 ({Predecessor:} 20. Rg3 Rxe7 21. Qf4 {0-1 (56) Juarez de Vena,A (1947)-Todorov,D (2413) ICCF email 2015}) 20... Bg4 (20... Bb7 $11) 21. Be2 $1 $36 {[%cal Re2g4][%mdl 2048] White is more active.} Bxe2 (21... Bc8 $14) 22. Nxe2 $16 Nc4 23. Nf4 Nb6 24. Qd4 (24. h5 $142) 24... Rac8 {[%csl Gc8][%cal Rc7c2]} 25. Rg2 {Black must now prevent h5.} Rxe7 26. Qxb4 Rce8 {[#]} 27. Qxd6 ({Not} 27. Rxd6 Nc8 $11) (27. Re2 $1 $16) 27... Qxd6 $14 28. Rxd6 Nc4 29. Rd4 Rxe4 30. Re2 Rxd4 31. Rxe8+ $11 {[%mdl 4096] Endgame KRN-KRN} Kg7 32. Ng2 Rg4 33. Re2 f5 34. gxf6+ Kxf6 35. b3 Ne5 36. Kd1 h5 37. Rf2+ Ke6 38. Ke2 a5 39. Ke3 Kd6 40. Rd2+ Ke6 41. Kf2 (41. a4 $14) 41... a4 42. Rd1 Re4 43. Rd8 Ke7 44. Ra8 axb3 45. axb3 Rd4 46. Ke3 Rg4 47. Kf2 Rd4 $1 48. Ra5 Rd2+ 49. Kg3 Nc6 50. Rc5 Kd6 51. Rc4 Nd4 $1 52. Ne1 Nf5+ 53. Kf3 Rh2 54. Ng2 Rh3+ 55. Kf2 Ke5 {[#]} (55... Rh2 $11) 56. Nf4 $1 $16 {[%cal Rf4h3]} Rh2+ 57. Kg1 Rd2 58. Nxg6+ Kf6 59. Rc6+ Kg7 60. c3 Nd6 (60... Rc2 $16) 61. Nf4 Kf6 62. Kf1 {And now Ke1 would win.} Kf5 63. Ke1 Ne4 64. Nxh5 Rh2 65. Rc4 (65. Kd1 $14) 65... Rh1+ 66. Ke2 Rxh4 67. Ng7+ Ke5 68. Rc7 Rh2+ 69. Kd3 Rh3+ 70. Kc2 {Re7+ is the strong threat.} Rh2+ 71. Kc1 $1 Kf4 (71... Rf2 $14 72. b4 Kd6) 72. Rc4 $2 ({White should try} 72. b4 $18) 72... Ke3 $1 $11 {The position is equal.} 73. Nf5+ Kd3 $1 74. Rd4+ Kxc3 {aiming for ...Rc2+.} 75. Rc4+ {Accuracy: White = 57%, Black = 59%.} 1/2-1/2

[Event "EICC 2019"]
[Site "Skopia"]
[Date "2019.03.19"]
[Round "2.42"]
[White "Solak, Dragan"]
[Black "Gavrilescu, David"]
[Result "1/2-1/2"]
[WhiteElo "2601"]
[BlackElo "2467"]
[Annotator "TA"]
[PlyCount "79"]
[EventDate "2019.03.18"]
[EventType "swiss"]
[EventCountry "MKD"]
[SourceTitle "playchess.com"]
[Source "ChessBase"]
[SourceQuality "1"]

{[%evp 19,79,25,41,41,41,37,45,14,13,-13,-13,-13,-13,-41,-18,-27,-26,-31,-1,-8,-5,-17,-11,-18,-25,-25,-16,-22,-18,-23,-15,-33,-42,-54,-30,-22,-22,-29,-37,-31,-22,-26,-36,-25,0,0,0,0,0,0,0,0,0,0,0,0,0,0,0,0,0,0]} 1. d4 Nf6 2. Bf4 d5 3. e3 c5 4. c3 Nc6 5. Nd2 cxd4 (5... Qb6 6. Qb3 Nh5 7. Qxb6 axb6 8. Bc7 cxd4 9. exd4 e5 10. Bxe5 Nxe5 11. dxe5 Bc5 12. g3 O-O {1-0 (76) Aronian,L (2765)-Caruana,F (2832) London 2018}) 6. exd4 {D00: 1 d4 d5: Unusual lines} Bf5 7. Qb3 Qc8 8. Ngf3 e6 9. Nh4 Be4 10. Nxe4 dxe4 {LiveBook: 19 Games} 11. g3 Be7 12. Ng2 Nd5 13. Bb5 $146 (13. Be2 {with more complications.} O-O 14. Rd1 Rd8 15. O-O a6 16. f3) 13... a6 14. Bxc6+ (14. Be2 {seems wilder.} O-O 15. O-O Nxf4 16. Nxf4 Bg5 17. d5) 14... Qxc6 15. O-O O-O 16. Rae1 b5 17. Qc2 f5 18. Qe2 Bf6 19. f3 exf3 20. Rxf3 Rfe8 21. Be5 Bxe5 22. Qxe5 Nf6 23. Rff1 Rad8 24. a3 a5 25. Nf4 Ng4 26. Qc5 Qxc5 27. dxc5 e5 28. Ng2 g6 29. b4 Rd3 30. h3 Nf6 31. g4 f4 {White must now prevent ...Kf7.} 32. g5 {The position is equal.} Nd5 {...Kf7 is the strong threat.} 33. Nxf4 Nxf4 {[#]} 34. Rxf4 $1 {[%mdl 576] Pin} Rxc3 (34... exf4 35. Rxe8+) 35. Rfe4 Rxa3 36. Rxe5 Rxe5 37. Rxe5 axb4 $11 {[#] Strongly threatening ...b3. KR-KR} 38. c6 Rc3 39. Rxb5 Rxc6 40. Rxb4 {Accuracy: White = 88%, Black = 72%.} 1/2-1/2

[Event "EICC 2019"]
[Site "Skopia"]
[Date "2019.03.19"]
[Round "2.43"]
[White "Repka, Christopher"]
[Black "Bartel, Mateusz"]
[Result "0-1"]
[WhiteElo "2466"]
[BlackElo "2600"]
[Annotator "TA"]
[PlyCount "33"]
[EventDate "2019.03.18"]
[EventType "swiss"]
[EventCountry "MKD"]
[SourceTitle "playchess.com"]
[Source "ChessBase"]
[SourceQuality "1"]

{[%evp 10,33,16,19,14,0,0,0,12,16,2,-44,-55,-51,-43,-50,-52,-179,-185,-183,-183,-413,-408,-549,-551,-1254]} 1. d4 d5 2. Nf3 c6 3. c4 e6 4. Nbd2 f5 5. Ne5 Nf6 6. e3 Nbd7 {D30: Queen's Gambit Declined: Systems without Nc3} 7. f4 Nxe5 8. fxe5 Ng4 {The position is equal.} 9. Qb3 $146 ({Predecessor:} 9. Qe2 a5 10. Nf3 Be7 11. Bd2 b6 12. cxd5 exd5 13. O-O-O O-O 14. Kb1 {1-0 (45) Varga,Z (2441)-Ikeda,J (2427) Budapest 2017}) 9... a5 10. Be2 Qh4+ $1 11. g3 Qh3 $1 {[%cal Rh3g2]} 12. Bf1 $1 {[%cal Rf1h3]} Qh6 $36 {[%mdl 2048] Black is pushing.} 13. Nf3 (13. c5 $15) 13... Bb4+ $19 14. Ke2 {[#]} b6 $1 {aiming for ...Ba6.} 15. Bg2 $2 ({Don't play} 15. e4 Qh5 $17) (15. Qc2 {might work better.} dxc4 16. a3) 15... Ba6 16. h3 dxc4 17. Qxb4 {Accuracy: White = 10%, Black = 93%.} 0-1

[Event "EICC 2019"]
[Site "Skopia"]
[Date "2019.03.19"]
[Round "2.44"]
[White "Petriashvili, Nikoloz"]
[Black "Antipov, Mikhail Al."]
[Result "1/2-1/2"]
[WhiteElo "2465"]
[BlackElo "2594"]
[Annotator "TA"]
[PlyCount "92"]
[EventDate "2019.03.18"]
[EventType "swiss"]
[EventCountry "MKD"]
[SourceTitle "playchess.com"]
[Source "ChessBase"]
[SourceQuality "1"]

{[%evp 9,92,25,39,32,35,27,39,20,51,40,86,71,78,43,42,42,76,37,108,105,108,108,121,91,92,60,58,54,51,37,64,45,78,42,47,15,19,19,22,22,22,22,22,22,22,12,19,8,17,17,22,12,22,15,33,0,0,0,8,8,8,8,8,8,8,8,11,12,33,33,47,47,47,47,47,47,47,47,50,47,48,47,50,50,50]} 1. d4 Nf6 2. c4 c6 3. Nc3 d5 4. e3 a6 5. Nf3 Bf5 6. cxd5 {D15: Slav Defence: 4 Nc3 a6 and gambit lines after 4 Nc3 dxc4} cxd5 7. Ne5 Nc6 8. Bd2 h5 $146 ({Predecessor:} 8... Nxe5 9. dxe5 Nd7 10. Nxd5 e6 11. Nf4 Nxe5 12. Bc3 Qxd1+ 13. Rxd1 Ng6 {1-0 (52) Berkes,F (2678)-Balogh,C (2640) Hungary 2014}) 9. Rc1 Qd6 10. Nxc6 bxc6 11. Qa4 Bd7 12. Bd3 ({Inferior is} 12. Bxa6 Qb8 $19) 12... e6 13. Qa5 Qb4 ({Black should play} 13... e5 $14) 14. Na4 $16 Qxa5 15. Bxa5 Bd6 16. Nb6 Rb8 17. b4 Bxb4+ 18. Bxb4 Rxb6 19. Bc5 Rb8 20. O-O ({Of course not} 20. Bxa6 $6 Ne4 $11) 20... Kd8 21. Rb1 ({Reject} 21. Bxa6 $6 Ne4 $11) 21... Kc7 22. Bxa6 Ne4 23. Ba7 Rxb1 24. Rxb1 Ra8 25. Rb7+ Kd8 $1 {White must now prevent ...Bc8.} 26. Rb8+ Rxb8 27. Bxb8 $11 {[%mdl 4096] Endgame KBB-KBN} c5 28. dxc5 Nxc5 29. Be2 g6 30. Bd6 Nb7 31. Bb4 Kc7 32. Kf1 Kb6 33. Ke1 Bb5 34. Bd1 Nc5 {[#] And now ...Nd3+ would win.} 35. Bc2 Nd3+ 36. Bxd3 $1 Bxd3 {KB-KB} 37. Kd2 Bc4 38. a3 e5 39. Bd6 {White is slightly better.} d4 40. Bxe5 dxe3+ 41. Kxe3 Bb3 42. Kf4 Kb7 43. Kg5 Ka8 44. Bd4 Kb7 45. Kf6 Ka8 46. f3 Bc4 {Accuracy: White = 71%, Black = 55%.} 1/2-1/2

[Event "EICC 2019"]
[Site "Skopia"]
[Date "2019.03.19"]
[Round "2.45"]
[White "Huschenbeth, Niclas"]
[Black "Costachi, Mihnea"]
[Result "1/2-1/2"]
[WhiteElo "2594"]
[BlackElo "2466"]
[Annotator "TA"]
[PlyCount "99"]
[EventDate "2019.03.18"]
[EventType "swiss"]
[EventCountry "MKD"]
[SourceTitle "playchess.com"]
[Source "ChessBase"]
[SourceQuality "1"]

{[%evp 15,99,33,20,27,30,27,22,18,24,26,45,19,22,19,22,14,34,0,0,0,37,17,23,20,17,22,18,17,17,14,20,24,20,18,18,15,27,17,47,36,55,18,27,13,31,24,37,38,34,36,92,31,39,41,35,37,31,7,29,22,29,14,27,0,0,0,8,7,11,15,22,14,4,4,26,0,25,0,0,0,0,0,0,0,0,0]} 1. e4 e5 2. Nf3 Nf6 3. Nxe5 d6 4. Nf3 Nxe4 5. Nc3 Nxc3 6. dxc3 Be7 7. Be3 Nc6 8. Qd2 Be6 9. O-O-O {C42: Petroff Defence: 3 Nxe5 and unusual White 3rd moves} Bf6 ({Don't go for} 9... Bxa2 $2 10. b3 $18) (9... Qd7 10. a3 a6 11. h4 Bf6 12. Ng5 O-O-O 13. Nxe6 fxe6 14. g3 d5 15. Bh3 Kb8 16. Rhe1 Rhe8 {0-1 (35) Vachier Lagrave,M (2780)-Duda,J (2738) chess.com INT 2019}) 10. Kb1 Qd7 11. Bg5 Bxg5 12. Nxg5 O-O 13. h4 $146 ({Predecessor:} 13. Nxe6 Qxe6 14. Bd3 Rae8 15. Rhe1 Qc8 16. Be4 Ne5 {½-½ (35) Ananikian,A (2263)-Istomin,A (2224) ICCF email 2014}) 13... h6 14. Nxe6 Qxe6 15. Re1 Qf6 16. Qe3 Qe5 17. Qd2 Qf6 18. Bb5 Rfe8 19. g3 Qf5 20. Bd3 Qd7 21. Be4 Re7 22. Bxc6 Qxc6 23. Rxe7 Qxh1+ $11 {[%mdl 4096] Endgame KQR-KQR} 24. Re1 Qf3 25. b3 Kf8 26. Qd4 a6 27. Re4 Qf5 28. Rf4 Qe6 29. Qd3 Kg8 30. Re4 Qd7 31. Qd5 Rb8 32. Kb2 Qb5 (32... Kf8 $14) 33. c4 ({Better is} 33. Qxb5 $16 axb5 34. Rd4) 33... Qxd5 34. cxd5 $14 {KR-KR} Kf8 35. Rc4 Rc8 36. h5 Ke7 37. Kc3 g6 38. Re4+ Kf6 39. hxg6 fxg6 40. Kd3 Kf7 41. Rb4 Rb8 42. a4 a5 43. Rf4+ Ke7 44. Re4+ Kf7 45. Kc4 c6 46. Kd4 Rc8 $1 {The position is equal.} 47. Re2 h5 48. dxc6 bxc6 49. f4 Kf6 50. Ke4 {Accuracy: White = 51%, Black = 58%.} 1/2-1/2

[Event "EICC 2019"]
[Site "Skopia"]
[Date "2019.03.19"]
[Round "2.46"]
[White "Belyakov, Bogdan"]
[Black "Donchenko, Alexander"]
[Result "1-0"]
[WhiteElo "2464"]
[BlackElo "2593"]
[Annotator "TA"]
[PlyCount "73"]
[EventDate "2019.03.18"]
[EventType "swiss"]
[EventCountry "MKD"]
[SourceTitle "playchess.com"]
[Source "ChessBase"]
[SourceQuality "1"]

{[%evp 22,73,21,14,23,8,19,0,0,0,0,-4,0,0,0,0,0,0,0,0,0,0,0,0,0,0,0,0,0,0,10,0,0,-6,71,67,395,396,1166,1152,1320,1281,1059,1045,1021,1020,29987,29988,29988,29989,29989,29990,29990,29981]} 1. e4 c6 2. d4 d5 3. exd5 cxd5 4. c4 Nf6 5. Nc3 Nc6 6. Nf3 Bg4 7. cxd5 Nxd5 8. Qb3 Nb6 9. d5 Bxf3 10. gxf3 Nd4 11. Bb5+ Nd7 12. Qa4 Nxb5 {B13: Caro-Kann: Exchange Variation and Panov-Botvinnik Attack} 13. Qxb5 g6 14. O-O Bg7 {The position is equal.} 15. Bg5 {aiming for Rfe1.} O-O 16. Rfe1 {Black must now prevent d6.} Bxc3 17. bxc3 f6 18. Bf4 Rf7 19. Rad1 b6 20. Qe2 {[#]} Rc8 $146 21. c4 Nc5 22. Bc1 Qd7 23. Ba3 Qa4 24. Bxc5 Rxc5 25. Rd4 {[%cal Bd1d4,Bd4e4,Be4e6][%mdl 32]} Rc7 26. Re4 Qb4 27. Qe3 f5 {[#]} (27... Rxc4 $11 {keeps the balance.} 28. Rxe7 Rxe7 29. Qxe7 Qxe7 30. Rxe7 Rd4) 28. Re6 $1 $16 Qxc4 $2 {[%mdl 8192] [#]} (28... Rxc4 $14 29. d6 Rc8) 29. d6 $1 $18 {[%cal Rd6e7]} Rc8 $2 (29... f4 30. Qe5 Rc5 31. dxe7 Rxe7 32. Qb8+ Rc8 33. Qxc8+ Qxc8 34. Rxe7 Qc6) 30. Rxe7 Kg7 31. Rxf7+ Qxf7 {[%mdl 4096] Endgame KQR-KQR} 32. Qd4+ Kg8 33. Re7 Qf8 34. Qd5+ {White mates.} Kh8 35. Qe5+ Kg8 36. Qe6+ Kh8 37. d7 {Accuracy: White = 84%, Black = 46%.} 1-0